000
00466nam a2200133Ia 4500
008
100328s9999 xx 000 0 und d
082
_b
73146
100
_a
देशपांडे कृ.पं.
245
_a
सेनापती तात्या टोपे.
260
_b
गंधर्ववेद
630
_a
सेनापती तात्या टोपे.
730
_a
सेनापती तात्या टोपे.
942
_c
BOOK
999
_c
558867
_d
558864